000 00726cab a2200193 4500
001 ##L135193
008 061004n2006 000 0 eng u
035 _a(Sirsi) u135193
041 0 _aeng
100 1 _aJansen, Mark
245 0 4 _aThe end of the appeal
260 _c2006
490 0 _aProperty Week
_v71(39) 29 September 2006, 84-85(98)
520 _aDiscusses the Valuation Office Agency's five yearly rating assessments which are frequently challenged by surveyors, and its new regime to cut appeals against these assessments which are cutting down surveyors' workloads.
590 _aIKA171006
651 4 _aGREAT BRITAIN
690 _aPROPERTY-PROPERTY VALUATION AND APPRAISAL-TAXATION VALUATION
942 _n0
999 _c77827
_d77827